000 00751nam a2200217Ii 4500
003 JO-AjNU
008 230605s9999||||xx |||||||||||||| ||und||
017 _a1986/1738
020 _a977-10-208-2
040 _aJO-AjNU
_bara
_erda
_cJO-AjNU
041 _aara
050 1 4 _aPQ6619.I4.A28 1986
100 3 _aأبو أحمد، حامد يوسف ,
_eauthor
_916700
245 0 0 _aرائد الشعر الإسباني الحديث: خوان رامون خمينيث
264 3 1 _aالقاهرة: دار الفكر العربي، 1986
300 _a278ص
336 _atext
_btxt
_2rdacontent
337 _aunmediated
_bn
_2rdamedia
338 _avolume
_bnc
_2rdacarrier
650 4 _aالشعر الإسباني - تراجم - تاريخ ونقد
_916701
999 _aA5007
_c8575
_d8575